Chief Executive (U.S.)

Detalles Bibliográficos
Formato: eBook
Lenguaje:inglés
Publicado: Estados Unidos Chief Executive Magazine, Incorporated 1991-2009
Materias:
Acceso en línea:Acceso restringido

MARC

LEADER 00000nam a22000007a 4500
005 20151110115626.0
007 cr|||| ||u|
008 151110s19912009-usuu|pos|||| 0|||a1eng d
022 |a 0160-4724  
035 |a 2871 
040 |a vLex 
090 |c 5695  |d 5695 
245 1 0 |a Chief Executive (U.S.)  |h [Recurso electrn̤ico] /  |c Chief Executive Magazine, Incorporated  
256 |a Servicio en ln̕ea  
260 |a Estados Unidos   |b Chief Executive Magazine, Incorporated   |c 1991-2009 
300 |a 1 recurso electrn̤ico  
506 1 |a Contenido solo disponible en los productos indicados  |d vLex Global  |d vLex Global (Academic Edition, excluding Law Schools)  |d vLex Global (U.S. Academic Edition, Law Schools)  |d vLex Global (U.S. Academic Edition, excluding Law Schools)  |d vLex Global (Academic Edition, Law Schools) 
650 0 4 |a Negocios   |z Estados Unidos  
740 0 |a vLex revista (servicio en ln̕ea)  
856 4 0 |u http://vlex.com/source/chief-executive-2871  |z Acceso restringido  
942 |c REV 
999 0 |a Business